000 00593nam a22002057a 4500
999 _c196785
_d196785
005 20230727144302.0
008 090225t xxu||||| |||| 00| 1 eng d
010 _aENG-137620
020 _a9789325982291
_c699.00
035 _aEN-121152
037 _bDBAD/PUB
040 _aDPL
_bEnglish
082 _a657.48
100 _929133
_aPandey,I.M
245 _aFinancial management/
_cby I.M Pandey
260 _aNoida
_bvikas publishing house pvt LTD
_c2015
270 _aE-28, sector-B
_bNoida 201301
300 _a921p.
_c27cm (pbk)
942 _2ddc
_cEN
_mPAN
_h657.48